000 01833nas a2200277Ia 4500
001 R050-S1593
003 IT-CnALBA
008 170116c99999999xx |||||||||||| ||und||
040 _aIT-CnALBA
_cIT-CnALBA
041 _aITALIANO
100 _aPIO XII, PAPA PACELLI EUGENIO.
210 _aLA CIVILTÀ CATTOLICA
222 _aLA CIVILTÀ CATTOLICA
245 0 _aLA CIVILTÀ CATTOLICA. ANNO XCI. VOL. I. 1940.
_bRIVISTA CULTURALE
250 _a1a ed.
260 _a ROMA
_bLA CIVILTÀ CATTOLICA EDIZIONI
_c1940 [1° Ed.:1940 - Ed.Ling.Originale: 1940]
300 _a490 p.
310 _aQUINDICINALE
362 _aFascicolo: 1 / Anno: 91 (1940)
500 _aALLOCUZIONE NATALIZIA AI CARDINALI. NEL SILENZIO DI DIO. AUTOLIMITAZIONE DELLO STATO E LA GARANZIA DELLA PERSONA UMANA, MESSINEO A. MODO NECESSITÀ DELLA FEDE. LOMBARDI R. AMBROGIO TRAVERSARI E L'UMANESIMO CRISTIANO. ANTICHITÀ CRISTIANE. ATROCITA' DELLA GUERRA E LE ANSIE DEL PADRE. LA RECENTE ISTRUZIONE DI PROPAGANDA FIDE SUI RITI CINESI. VISITA DI PIO XII. AI SOVRANI D'ITALIA. CHIESA E CIVILTÀ. MISSIONE EDUCATRICE DEL COLLEGIO. UN APOSTOLO DELLA SCIENZA E DELLA CARITÀ.
501 _aSocietà San Paolo EM - Piazza San Paolo, 14 - 12051 ALBA (CN) (non commercial uses only) ® Copyright 2017
520 _aALLOCUZIONE NATALIZIA AI CARDINALI. NEL SILENZIO DI DIO. AUTOLIMITAZIONE DELLO STATO E LA GARANZIA DELLA PERSONA UMANA, MESSINEO A. MODO NECESSITÀ DELLA FEDE. LOMBARDI R. AMBROGIO TRAVERSARI E L'UMANESIMO CRISTIANO. ANTICHITÀ CRISTIANE. ATROCITA' DELLA GUERRA E LE ANSIE DEL PADRE. LA RECENTE ISTRUZIONE DI PROPAGANDA FIDE SUI RITI CINESI. VISITA DI PIO XII. AI SOVRANI D'ITALIA. CHIESA E CIVILTÀ. MISSIONE EDUCATRICE DEL COLLEGIO. UN APOSTOLO DELLA SCIENZA E DELLA CARITÀ.
650 _aRIVISTA CULTURALE
942 _cCR
957 _71
999 _a63492
_bSI
_g1
_c330192
_d330192